| 000 | 00000nas 2200000zi 4500 |
| 001 | 9.819467 |
| 003 | CaOODSP |
| 005 | 20250207075339 |
| 006 | m o d f |
| 007 | cr ||||||||||| |
| 008 | 160609c20159999oncar p o f0 a0eng|d |
| 022 | |a2371-4441 |
| 040 | |aCaOODSP|beng|erda|cCaOODSP |
| 043 | |an-cn---|an-cn-on |
| 086 | 1 |aP1-27E-PDF |
| 222 | 0|aAnnual report ... |b(Public Services and Procurement Canada. Long Term Vision and Plan) |
| 245 | 04|aThe Long Term Vision and Plan : |bannual report. |
| 246 | 3 |aLTVP : |bannual report |
| 264 | 1|a[Ottawa] : |bPublic Works and Government Services Canada, |c2015- |
| 310 | |aAnnual |
| 336 | |atext|btxt|2rdacontent |
| 337 | |acomputer|bc|2rdamedia |
| 338 | |aonline resource|bcr|2rdacarrier |
| 362 | 1 |aBegan with 2014/2015. |
| 500 | |aIssued also in French under title: La vision et le plan à long terme : rapport annuel. |
| 550 | |aIssued 2016- by Public Services and Procurement Canada. |
| 610 | 20|aParliament Buildings (Ottawa, Ont.)|xConservation and restoration |vPeriodicals. |
| 610 | 20|aParliament Buildings (Ottawa, Ont.) |xManagement |vPeriodicals. |
| 650 | 0|aPublic buildings|xRemodeling|zOntario|zOttawa|vPeriodicals. |
| 655 | 7|aPeriodicals|2lcgft |
| 710 | 1 |aCanada. |bPublic Services and Procurement Canada, |eissuing body. |
| 710 | 1 |aCanada. |bPublic Works and Government Services Canada, |eissuing body. |
| 775 | 08|tRapport annuel ...|w(CaOODSP)9.819469 |